Powołani na mistrzostwa świata w piłce nożnej 2022 - Statystyki

Ogólne statystyki
  • Ten quiz został rozwiązany 95 razy
  • Średni wynik to 19 z 26
Statystyki odpowiedzi
Hint Odpowiedź % Poprawnych
Bramkarz Wojciech Szczęsny
100%
Napastnik Robert Lewandowski
98%
Napastnik Arkadiusz Milik
93%
Pomocnik Piotr Zieliński
92%
Obrońca Matty Cash
89%
Obrońca Jan Bednarek
88%
Obrońca Kamil Glik
87%
Bramkarz Łukasz Skorupski
87%
Napastnik Krzysztof Piątek
85%
Pomocnik Grzegorz Krychowiak
82%
Pomocnik Nicola Zalewski
81%
Bramkarz Kamil Grabara
80%
Napastnik Karol Świderski
80%
Obrońca Bartosz Bereszyński
78%
Obrońca Jakub Kiwior
78%
Pomocnik Kamil Grosicki
78%
Pomocnik Damian Szymański
69%
Pomocnik Sebastian Szymański
69%
Obrońca Artur Jędrzejczyk
66%
Pomocnik Jakub Kamiński
56%
Pomocnik Michał Skóraś
55%
Pomocnik Przemysław Frankowski
55%
Pomocnik Krystian Bielik
54%
Pomocnik Szymon Żurkowski
42%
Obrońca Robert Gumny
40%
Obrońca Mateusz Wieteska
32%
Nie znaleziono quizów pasujących do podanych kryteriów
Rozkład punktacji
Procent ludzi z każdym wynikiem
Percentyl według liczby udzielonych odpowiedzi
Twoja historia wyników
Nie rozwiązałeś tego quizu